Panic! At The Disco Song Discography - Statistics

General Stats
  • This quiz has been taken 41 times
    25 since last reset
  • The average score is 61 of 90
Answer Stats
Answer % Correct
Build God, Then We'll Talk
100%
I Write Sins Not Tragedies
100%
New Perspective
100%
But It's Better If You Do
93%
Camisado
93%
Death Of A Bachelor
93%
House Of Memories
93%
I Constantly Thank God For Esteban
93%
Intermission
93%
Introduction
93%
Lying Is The Most Fun A Girl Can Have Without Taking Her Clothes Off
93%
Sarah Smiles
93%
The Ballad Of Mona Lisa
93%
Victorious
93%
Don't Threaten Me With A Good Time
86%
Emperor's New Clothes
86%
Golden Days
86%
Hurricane
86%
Impossible Year
86%
Let's Kill Tonight
86%
Miss Jackson
86%
Nearly Witches
86%
Nine In The Afternoon
86%
Ready To Go
86%
The Good, The Bad, And The Dirty
86%
Casual Affair
79%
C'mon
79%
Crazy = Genius
79%
Dancing's Not A Crime
79%
Girls/Girls/Boys
79%
Hallelujah
79%
High Hopes
79%
King Of The Clouds
79%
LA Devotee
79%
Memories
79%
Nails For Breakfast, Tacks For Snacks
79%
Nicotine
79%
Old Fashioned
79%
Roaring 20s
79%
The Overpass
79%
This Is Gospel
79%
Vegas Lights
79%
Viva Las Vengeance
79%
Always
71%
Collar Full
71%
(Fuck A) Silver Lining
71%
Hey Look Ma, I Made It
71%
Say Amen (Saturday Night)
71%
The Only Difference Between Martyrdom and Suicide Is Press Coverage
71%
There's A Good Reason These Tables Are Numbered Honey, You Just Haven't Thought Of It Yet
71%
Time To Dance
71%
Trade Mistakes
71%
Dying In LA
64%
Far Too Young To Die
64%
Girl That You Love
64%
London Beckoned Songs About Money Written By Machines
64%
Middle Of A Breakup
64%
One Of The Drunks
64%
Sad Clown
64%
The End Of All Things
64%
Don't Let The Light Go Out
57%
Local God
57%
Mad As Rabbits
57%
Something About Maggie
57%
That Green Gentleman
57%
We're So Starving
57%
All By Yourself
50%
Do It To Death
50%
God Killed Rock And Roll
50%
Oh Glory
50%
Sugar Soaker
50%
The Calender
50%
The Greatest Show
50%
Behind The Sea
43%
Northern Downpour
43%
Say It Louder
43%
She Had The World
43%
Stall Me
43%
Star Spangled Banger
43%
Turn Off The Lights
43%
When The Day Met The Night
43%
Bohemian Rhapsody
36%
I Wanna Be Free
36%
Folkin' Around
29%
I Have Friends In Holy Spaces
21%
She's A Handsome Woman
21%
The Piano Knows Something I Don't Know
21%
Do You Know What I'm Seeing?
14%
From A Mountain In The Middle Of The Cabins
14%
Pas De Chavel
0%
No matching quizzes found
Score Distribution
Percent of People with Each Score
Percentile by Number Answered
Your Score History
You have not taken this quiz since the last reset